00964cam a22002775a 4500001000800000005001700008008004100025020001500066040003300081082002100114100002500135245006800160260004500228300003500273504005100308541003100359650003000390650002800420650004800448651001000496653002200506700002200528942000800550999001700558952011100575191595620180130152046.0851216t1986 nyua frb 001 0 eng d a0471839531 aDLCcDLCdDLCdEG-ScBUEbeng04222a658.562bTOW1 aTownsend, Patrick L.10aCommit to quality /cPatrick L. Townsend with Joan E. Gebhardt. aNew York :bA Wiley Press Book,cc.1986. axvii, 189 p. :bill. ;c24 cm. aIncludes bibliographical references and index. aDonation from David Kirby. 7aQuality assurance.2BUEsh 7aQuality circles.2BUEsh 7aValue analysis (Cost control)2BUEsh929392 2BUEsh bGGENcJanuary20181 aGebhardt, Joan E. 2ddc c26051d26023 00102ddc4070aMAINbMAINc1STd2018-01-30eDonationl0o658.562 TOWp000042895r2025-07-15 00:00:00yBB